Average Countries Quiz Stats

Quiz Updated Apr 25, 2012

Also try: 'Named' Countries
Challenge
Share
Tweet
Note: These are the countries closest to the World's arithmetic mean in each category (see the first archived comment for an example of the calculations)
Score 0/45 Timer 06:00
0 Plays Today
Rank Country Name % Correct
Average Area (698,772.35 km2)France (-7.92%)
84.7%
Average in Area & PopulationSpain (29.69%)
83%
Average Population (35,499,645)Canada (-4.14%)
68.3%
Average Area (698,772.35 km2)Chile (+8.20%)
67.5%
Average in Area & PopulationChile (30.31%)
67.5%
Average Population (35,499,645)Poland (+8.29%)
67.1%
Average in Area & PopulationPoland (31.77%)
67.1%
Average Population (35,499,645)Iraq (-14.27%)
66.6%
Average in Area & PopulationIraq (25.82%)
66.6%
Average Population (35,499,645)Peru (-17.61%)
63.4%
Average Population (35,499,645)Argentina (+17.66%)
61.3%
Average Area (698,772.35 km2)Turkey (+12.13%)
57.3%
Average Area (698,772.35 km2)Ukraine (-13.63%)
55.5%
Average in Area & PopulationUkraine (20.38%)
55.5%
Average Population (35,499,645)Venezuela (-22.15%)
51.3%
Average in Area & PopulationVenezuela (26.34%)
51.3%
Average Area (698,772.35 km2)Kenya (-16.94%)
50.7%
Average Population (35,499,645)Kenya (+15.69%)
50.7%
Average in Area & PopulationKenya (16.32%)
50.7%
Average Area (698,772.35 km2)Pakistan (+13.93%)
50.4%
Average Area (698,772.35 km2)Morocco (+1.97%)
50%
Average Population (35,499,645)Morocco (-8.52%)
50%
Average in Area & PopulationMorocco (5.25%)
50%
Rank Country Name % Correct
Average Area (698,772.35 km2)Afghanistan (-6.66%)
47.8%
Average Population (35,499,645)Afghanistan (-15.96%)
47.8%
Average in Area & PopulationAfghanistan (11.31%)
47.8%
Average Population (35,499,645)Algeria (-1.42%)
39.7%
Average Area (698,772.35 km2)Somalia (-8.75%)
36.4%
Average Population (35,499,645)Tanzania (+20.41%)
34.9%
Average in Area & PopulationTanzania (27.99%)
34.9%
Average Population (35,499,645)Uzbekistan (-20.76%)
34.4%
Average in Area & PopulationUzbekistan (28.37%)
34.4%
Average Area (698,772.35 km2)Madagascar (-15.99%)
33.8%
Average in Area & PopulationMadagascar (27.11%)
33.8%
Average Population (35,499,645)Malaysia (-19.07%)
33.3%
Average in Area & PopulationYemen (28.23%)
32.1%
Average Area (698,772.35 km2)Zambia (+7.71%)
31.1%
Average Population (35,499,645)Uganda (-2.50%)
30.6%
Average Population (35,499,645)Nepal (-17.21%)
30.3%
Average Area (698,772.35 km2)Central African Republic (-10.85%)
30.2%
Average Area (698,772.35 km2)Myanmar (-3.18%)
29.7%
Average in Area & PopulationMyanmar (27.64%)
29.7%
Average Area (698,772.35 km2)Botswana (-16.75%)
28.9%
Average Area (698,772.35 km2)Mozambique (+14.40%)
28.7%
Average in Area & PopulationMozambique (24.88%)
28.7%

You're not logged in!

Compare scores with friends on all Sporcle quizzes.
Join for Free
OR
Log In

You Might Also Like...

Show Comments

Extras

Top Quizzes Today


Score Distribution

Your Account Isn't Verified!

In order to create a playlist on Sporcle, you need to verify the email address you used during registration. Go to your Sporcle Settings to finish the process.

Report this User

Report this user for behavior that violates our Community Guidelines.

Details: